Library Catalog

The Dose of reality / (Record no. 492484)

MARC details
000 -LEADER
fixed length control field 01113nam a22002417a 4500
003 - CONTROL NUMBER IDENTIFIER
control field OSt
005 - DATE AND TIME OF LATEST TRANSACTION
control field 20260506102716.0
008 - FIXED-LENGTH DATA ELEMENTS--GENERAL INFORMATION
fixed length control field 260506b |||||||| |||| 00| 0 eng d
040 ## - CATALOGING SOURCE
Original cataloging agency Kenya National Library Service
082 ## - DEWEY DECIMAL CLASSIFICATION NUMBER
Classification number 158.1 WOT
100 ## - MAIN ENTRY--PERSONAL NAME
Personal name Wothaya, Jennifer
Relator term author
245 ## - TITLE STATEMENT
Title The Dose of reality /
Statement of responsibility, etc. Jennifer Wothaya
250 ## - EDITION STATEMENT
Edition statement 2006, (Revised Edition 2013)
300 ## - PHYSICAL DESCRIPTION
Extent 144 pages ;
Dimensions 24 cm
520 ## - SUMMARY, ETC.
Summary, etc. Many parents are inspired by their children to work hard. the most unfortunate thing is that after hard work, They do not secure their properties and with their death, they leave the children helpless. The book the Dose of reality highlights an experience of a family which has gone through serious health crisis, domestic violence and oppressions by traditional cultural practices.
650 ## - SUBJECT ADDED ENTRY--TOPICAL TERM
Topical term or geographic name entry element Motivational literature
650 ## - SUBJECT ADDED ENTRY--TOPICAL TERM
Topical term or geographic name entry element Self actualzation (psychology)
650 ## - SUBJECT ADDED ENTRY--TOPICAL TERM
Topical term or geographic name entry element Condut of life
942 ## - ADDED ENTRY ELEMENTS (KOHA)
Source of classification or shelving scheme Dewey Decimal Classification
Koha item type Books
Suppress in OPAC No
Holdings
Withdrawn status Source of classification or shelving scheme Damaged status Not for loan Home library Current library Date acquired Source of acquisition Cost, normal purchase price Total checkouts Full call number Barcode Date last seen Price effective from Koha item type
  Dewey Decimal Classification     Nakuru Library Acquisition, Cataloguing, Classification and Distribution Development 05/06/2026 Donation 500.00   158.1 WOT B237567 05/06/2026 05/06/2026 Books
  Dewey Decimal Classification     Nakuru Library Acquisition, Cataloguing, Classification and Distribution Development 05/06/2026 Donation 500.00   158.1 WOT B237566 05/06/2026 05/06/2026 Books

© 2025, Kenya National Library Service | Designed & Maintained by Uvumbuzi Center